000 nam a22 7a 4500
999 _c332088
_d332088
003 NUST
005 20171109135532.0
008 171109b xxu||||| |||| 00| 0 eng d
020 _a1843398559
040 _c0
082 _a628.162 DAV
100 _aCornwell,David A.
_96267
245 _aDisposal of Waste Resulting From Arsenic Removal Processes
_cDavid A.Cornwell
260 _aUK
_bIWA
_c2003
300 _a162p.
500 _aP.B
942 _2ddc
_cBK
_kIESE